The French cook

Сохранить в:
Библиографические подробности
Главный автор: UDE, Louis Eustache
Формат:
Язык:английский
Опубликовано: Cambridge University Press 2014
Метки: Добавить метку
Нет меток, Требуется 1-ая метка записи!

MARC

LEADER 00000nam a22000007a 4500
008 211005b ||||| |||| 00| 0 eng d
020 |a 9781108073349 
100 |a UDE, Louis Eustache 
245 |a The French cook  |c Louis Eustache Ude  |g xi,496p.:ill. 
260 |b Cambridge University Press  |c 2014  |h New York  |i 696130  |i 696131  |l TX719.Ud2  |m Cooking, French 
942 |a lcc  |c BK  |e Kuteyi, M. A.  |f 5/10/2021 
952 |0 0  |1 0  |2 lcc  |4 0  |6 TX0719 U D2  |7 0  |9 3625  |a HOL  |b HOL  |c QZ  |d 2021-10-05  |l 0  |o TX719.Ud2  |p 2021-67361  |r 2021-10-05 00:00:00  |w 2021-10-05  |y BK 
952 |0 0  |1 0  |2 lcc  |4 0  |6 TX0719 U D2  |7 0  |9 3626  |a HOL  |b EDM  |c QZ  |d 2021-10-05  |l 0  |o TX719.Ud2  |p 2021-67362  |r 2021-10-05 00:00:00  |w 2021-10-05  |y BK 
999 |c 1797  |d 1797